| 000 | 00715nam a2200217 a 4500 | ||
|---|---|---|---|
| 005 | 20240806064154.0 | ||
| 008 | 031106s1982 mx r 000 0 spa d | ||
| 020 | _a8425412587 | ||
| 035 | _aUPN01000130739 | ||
| 049 | _aCG | ||
| 050 | 4 |
_aBF173 _bT5.4 |
|
| 100 | 1 | _aTitze, Michael | |
| 245 | 1 | 0 |
_aFundamentos del teleoanálisis adleriano / _cMichael Titze ; pról. de Wolfgang Kretschmer ; tr. Diorki. |
| 260 |
_aBarcelona, Esp. : _bHerder, _c1982. |
||
| 300 | _a307 p. | ||
| 440 | 0 |
_aBiblioteca de psicología ; _v98 |
|
| 534 |
_pTraducción de: _tLebensziel und lebensstil, grundzüge der teleoanalyse nach Alfred Adler |
||
| 650 | 4 |
_aPsicoanálisis _91572 |
|
| 650 | 4 |
_aTELEOLOGIA _919158 |
|
| 905 | _aLibro | ||
| 999 |
_c102896 _d102896 |
||